000
00240nam a2200097Ia 4500
001
1038435
005
20250826231844.0
008
250824s9999 xx 000 0 und d
245
0
_a
HEYET III
_c
HALİL YAŞAR KOLLU
260
_b
LOPUS YAYINLARI
999
_c
1038435
_d
1038435